000 00580nam a2200205Ia 4500
003 GCL
008 140319s9999 xx 000 0 ara d
040 _aGCL /
_cGCL
082 0 4 _a621.319
_bص ا
100 1 _aصبحى طه
245 1 0 _aالامن الكهربائى /
_cصبحى طه
260 _a[S.N] :
_bدار المعرفة ،
_c1992
300 _a195 ص
490 _a
650 0 4 _aالتكنولوجيا
650 0 4 _aالطاقة الكهربائية
650 0 4 _aالهندسة الكهربية
650 0 4 _aمواصفات الامان
942 _2ddc
_cBK
999 _c33422
_d33422